Statistics for BBC Ghosts Characters

Click here to take the quiz!

General Stats

  • This quiz has been taken 728 times
    (685 since last reset)
  • The average score is 12 of 13

Answer Stats

Method of DeathAnswer% Correct
ArrowPatrick
98%
BurnedMary
97%
Musket BallThomas
97%
Pushed out of windowFanny
96%
Main Couple - Didn't DieAlison
95%
UnknownKitty
95%
Mike | Michael
93%
Natural CausesThe Captain
93%
Natural CausesRobin
91%
BeheadedHumphrey's Body
90%
BeheadedHumphrey's Head
90%
UnknownJulian
89%
Head builder - Didn’t DieTerry
45%

Score Distribution

Percentile by Number Answered

Percent of People with Each Score

Your Score History

You have not taken this quiz since the last reset